<?xml version="1.0" encoding="UTF-8"?><?xml-stylesheet type="text/xsl" href="static/style.xsl"?><OAI-PMH xmlns="http://www.openarchives.org/OAI/2.0/" xmlns:xsi="http://www.w3.org/2001/XMLSchema-instance" xsi:schemaLocation="http://www.openarchives.org/OAI/2.0/ http://www.openarchives.org/OAI/2.0/OAI-PMH.xsd"><responseDate>2026-04-13T04:48:31Z</responseDate><request verb="GetRecord" identifier="oai:www.recercat.cat:2072/522726" metadataPrefix="marc">https://recercat.cat/oai/request</request><GetRecord><record><header><identifier>oai:recercat.cat:2072/522726</identifier><datestamp>2024-12-20T20:40:58Z</datestamp><setSpec>com_2072_300912</setSpec><setSpec>com_2072_4427</setSpec><setSpec>col_2072_301309</setSpec></header><metadata><record xmlns="http://www.loc.gov/MARC21/slim" xmlns:dcterms="http://purl.org/dc/terms/" xmlns:xsi="http://www.w3.org/2001/XMLSchema-instance" xmlns:doc="http://www.lyncode.com/xoai" xsi:schemaLocation="http://www.loc.gov/MARC21/slim http://www.loc.gov/standards/marcxml/schema/MARC21slim.xsd">
   <leader>00925njm 22002777a 4500</leader>
   <datafield ind2=" " ind1=" " tag="042">
      <subfield code="a">dc</subfield>
   </datafield>
   <datafield ind2=" " ind1=" " tag="720">
      <subfield code="a">Martí, Àlex</subfield>
      <subfield code="e">author</subfield>
   </datafield>
   <datafield ind2=" " ind1=" " tag="720">
      <subfield code="a">Montesinos-Magraner, Marc</subfield>
      <subfield code="e">author</subfield>
   </datafield>
   <datafield ind2=" " ind1=" " tag="720">
      <subfield code="a">Echavarren, Antonio M.</subfield>
      <subfield code="e">author</subfield>
   </datafield>
   <datafield ind2=" " ind1=" " tag="720">
      <subfield code="a">Franchino, Allegra</subfield>
      <subfield code="e">author</subfield>
   </datafield>
   <datafield ind2=" " ind1=" " tag="260">
      <subfield code="c">2022-06-23</subfield>
   </datafield>
   <datafield ind2=" " ind1=" " tag="520">
      <subfield code="a">H-bonded counterion-directed catalysis (HCDC) is a strategy
wherein a chiral anion that is hydrogen-bonded to the achiral
ligand of a metal complex is responsible for enantioinduction.
In this article we present the application of H-bonded counterion-
directed catalysis to the Au(I)-catalyzed enantioselective
tandem cycloisomerization-addition reaction of 2-alkynyl
enones. Following the addition of C-, N- or O-centered
nucleophiles, bicyclic furans were obtained in moderate to
excellent yield and enantioselectivity (28 examples, 59–96%
yield, 62:38 to 95:5 er). The optimal catalytic system, comprising
a phosphinosquaramide Au(I) chloride complex and a
BINOL-derived phosphoramidate Ag(I) salt, was selected in a
combinatorial fashion from a larger library with the help of
high-throughput screening. An enantioselectivity switch of ca.
120 Δee% was observed upon addition of the achiral Au(I)
component to the Ag(I) salt.</subfield>
   </datafield>
   <datafield ind1="8" ind2=" " tag="024">
      <subfield code="a">http://hdl.handle.net/2072/522726</subfield>
   </datafield>
   <datafield ind1="8" ind2=" " tag="024">
      <subfield code="a">https://doi.org/10.1002/ejoc.202200518</subfield>
   </datafield>
   <datafield ind2="0" ind1="0" tag="245">
      <subfield code="a">H-Bonded Counterion-Directed Catalysis: Enantioselective Gold(I)-Catalyzed Addition to 2-Alkynyl Enones as a Case Study</subfield>
   </datafield>
</record></metadata></record></GetRecord></OAI-PMH>